Marine steam engines and turbines (Record no. 1865)

000 -LEADER
fixed length control field 00419nam a22001577a 4500
008 - FIXED-LENGTH DATA ELEMENTS--GENERAL INFORMATION
fixed length control field 200205b ||||| |||| 00| 0 eng d
082 00 - DEWEY DECIMAL CLASSIFICATION NUMBER
Classification number 623.8722
Item number F7911
100 ## - MAIN ENTRY--PERSONAL NAME
9 (RLIN) 804
Personal name Fox, W. J.
245 10 - TITLE STATEMENT
Title Marine steam engines and turbines
260 ## - PUBLICATION, DISTRIBUTION, ETC. (IMPRINT)
Place of publication, distribution, etc London
Name of publisher, distributor, etc George Newnes Ltd.
Date of publication, distribution, etc 1952
300 ## - PHYSICAL DESCRIPTION
Extent 343p.
365 ## - TRADE PRICE
Unit of pricing 24.01
650 #0 - SUBJECT ADDED ENTRY--TOPICAL TERM
Topical term or geographic name as entry element Marine steam-turbines
700 ## - ADDED ENTRY--PERSONAL NAME
9 (RLIN) 805
Personal name McBirnie, S. C.
942 ## - ADDED ENTRY ELEMENTS (KOHA)
Item type Books
Holdings
Withdrawn status Lost status Source of classification or shelving scheme Damaged status Not for loan Permanent location Current location Date acquired Source of acquisition Full call number Barcode Date last seen Koha item type
          IMU Kolkata IMU Kolkata 1953-02-25 A. H. Wheeler 623.8722 F7911 01579 2020-02-05 Books
  Lost       IMU Kolkata IMU Kolkata 1953-02-25 A. H. Wheeler 623.8722 F7911 01580 2020-07-24 Books
  Lost       IMU Kolkata IMU Kolkata 1953-02-25 A. H. Wheeler 623.8722 F7911 01581 2020-07-24 Books
Designed and Maintained by IMU-KC Library, Kolkata Campus © Copyright All Rights Reserved

webs counters

Powered by Koha